| 000 | 00470nam a22001817a 4500 | ||
|---|---|---|---|
| 999 |
_c4948 _d4948 |
||
| 003 | GBCCL | ||
| 005 | 20241126110530.0 | ||
| 008 | 180215b ||||| |||| 00| 0 eng d | ||
| 020 | _a1852402474 | ||
| 040 | _cgbc | ||
| 082 |
_a232.901 _bHOL |
||
| 100 |
_aHoldaway, David _91673 |
||
| 245 |
_aThe life of Jesus / _cDavid Holdaway |
||
| 260 |
_bSovereign World, _aEngland: _c1997 |
||
| 300 |
_a288 p.; _bill., _c20 cm. |
||
| 650 |
_aLife of Jesus _97574 |
||
| 942 |
_2ddc _cBK _03 |
||